000 00295nam a22001337a 4500
008 181015b xxu||||| |||| 00| 0 eng d
020 _a9780155007826
041 _aeng
080 _a371
100 _a46
101 _aEDU
245 _aThe Thoughtful Reader
_cFjeldstad,M.C
942 _2udc
_cBK
999 _c49680
_d49680